000 00504nam a2200181 a 4500
001 0449
005 20140414131913.0
008 040116s19uu xx 00 eng d
020 _a0-307-12651-X
050 _aER
_bF92 1989
100 _aGikow, Louise
245 _aFrogs only :
_cLouise Gikow ; illustrated by Tom Cooke.
_bmuppet kids /
260 _aNew York :
_bGolden Book,
_c1989.
300 _a1 v. p. : ill. ; cm.
650 _aFrogs
_xFiction.
650 _aChildren stories.
999 _c111317
_d111317